00776nam a22002177a 4500003000400000005001700004008004100021040002300062050001500085100003600100245016300136264003000299300001800329336002200347337002400369338002400393650006200417650004700479942001500526999001700541OSt20260530113915.0260508b1967 |||ao||| |||| 000 0 ger d aICIbspacICIerda aNC997b.S7 aStankowski, Antoneautor933967 aFunktion und ihre Darstellung in der Werbegrafik = Visual Presentation of Invisible Processes = La fonction et sa représentation dans le dessin publicitaire aArtur Nigglib1967cSuiza a127 páginas 2rdacontentatexto 2rdamediaasin medio 2rdacarrieravolumen aProcesamiento de datosxRepresentación gráfica933968 aVisualización de la información933969 2lccn1cBK c12256d12256